000 00617cam a2200145 4500500
005 20260208005828.0
041 _afre
042 _adc
100 1 0 _aHecquet, Michèle
_eauthor
245 0 0 _aBRUNO VIARD. Les Poètes et les économistes. Pour une approche anthropologique de la littérature. Kimé, 2004. Un vol. 14,5 × 21 de 180 p.
260 _c2005.
500 _a30
786 0 _nRevue d'histoire littéraire de la France | 105 | 3 | 2005-06-01 | p. 655zzc-764zzc | 0035-2411
856 4 1 _uhttps://shs.cairn.info/revue-d-histoire-litteraire-de-la-france-2005-3-page-655zzc?lang=fr&redirect-ssocas=7080
999 _c1653989
_d1653989